State of small and medium enterprises in the Slovak Republic 1997

Gespeichert in:
Bibliographische Detailangaben
Format: Buch
Sprache:Englisch
Veröffentlicht: Bratislava National agency for development of small and medium enterprises 1998
Schlagworte:
Tags: Tag hinzufügen
Keine Tags, Fügen Sie das erste Tag hinzu!

MARC

LEADER 00000nam a2200000 4500
001 c114030
005 20221221083640.2
020 |a 80-967788-7-0 
041 0 |a eng 
044 |a SK 
245 1 0 |a State of small and medium enterprises in the Slovak Republic 1997 
264 1 |a Bratislava  |b National agency for development of small and medium enterprises  |c 1998 
300 |a 113 s. 
610 2 0 |a podnikanie drobné 
610 2 0 |a podnik malý 
610 2 0 |a podnik stredný 
610 2 0 |a programy rozvojové 
610 2 0 |a rozvoj podniku 
610 2 0 |a Slovensko 
610 2 0 |a podpora podnikania 
610 2 0 |a PHARE